عرض عادي
عرض مارك
- Bhatnagar, Vishal,
مدخل إسم شخص
001 - رقم الضبط
- حقل الضبط: 45464
003 - معرف رقم الضبط
- حقل الضبط: OSt
005 - تاريخ ووقت أخر عملية
- حقل الضبط: 20140520100158.0
008 - عناصر بيانات ثابتة الطول
- حقل تحكم ثابت الطول: 140520|||a|||||| | ||| d
040 ## - مصدر الفهرسة
- هيئة الفهرسة الأصلية: OSt
- وكالة الكتابة: OSt
100 ## - مدخل -- أسم شخص
- إسم شخص: Bhatnagar, Vishal,
- تواريخ مرتبطة بالاسم: 1977-
670 ## - بيانات المصدر موجوده
- الاستشهاد بالمصدر: Work cat.: (OSt)0: Bhatnagar, Vishal, 1977-, Data mining in dynamic social networks and fuzzy systems /
